| 000 | 00543nam a2200169Ia 4500 | ||
|---|---|---|---|
| 003 | GCL | ||
| 008 | 140319s9999 xx 000 0 ara d | ||
| 040 |
_aGCL / _cGCL |
||
| 082 | 0 | 4 |
_aط _b371.3352 _bم ك |
| 100 | 1 | _aمركز التعريب والبرمجة | |
| 245 | 1 | 0 |
_aالقلب والرئة / _cمركز التعريب والبرمجة |
| 260 |
_a[S.N] : _bالدار العربية للعلوم |
||
| 490 |
_aكل شىء عن اجسامنا _v0 |
||
| 650 | 0 | 4 | _aالاطفال |
| 650 | 0 | 4 | _aتعليم الاطفال |
| 942 |
_2ddc _cBK |
||
| 999 |
_c57359 _d57359 |
||